| 000 | 00537nam a22001697a 4500 | ||
|---|---|---|---|
| 999 |
_c8301 _d8301 |
||
| 008 | 201112b ||||| |||| 00| 0 eng d | ||
| 040 | _aBMS College of Archtecture | ||
| 100 | _aBalanagu, Abhinand | ||
| 245 | _aDog rehabilitation and pet care center | ||
| 300 | _aNA | ||
| 500 | _a1BM15AT003 | ||
| 502 |
_8B,Arch _NBMS College of Architecture, Visvesvaraya Technological University (VTU) _aProject report _d2019 |
||
| 650 | _apet care center | ||
| 700 |
_aShantesh Kelvekar _eGuide |
||
| 700 |
_aShanu Raina _eGuide |
||
| 942 |
_2ddc _cTHE |
||